‫السلطان المنصور قلاوون‬ : (Record no. 25088)

MARC details
000 -الفاتح
حقل البيانات ثابتة الطول 01374nam a2200301 i 4500
003 - محدد رقم الضبط
رقم الضبط EG-ScBUE
005 - وقت وتاريخ اخر تعامل مع التسجيلة
رقم الضبط 20231218102128.0
008 - عناصر البيانات ثابتة الطول - معلومات عامة
حقل البيانات ثابتة الطول 170731s1998 ua o f b 000 0bara d
040 ## - مصدر الفهرسة
وكالة الفهرسة الأصلية EG-ScBUE
لغة الفهرسة ara
قواعد الوصف rda
وكالة التعديل EG-ScBUE
وكالة النسخ EG-ScBUE
043 ## - رمز المنطقة الجغرافية
رمز المنطقة الجغرافية f-ua---
082 04 - رقم تصنيف ديوى العشرى
رقم التصنيف 962.024
رقم المادة ح د ا
رقم الطبعة 22
100 1# - المدخل الرئيسى - إسم شخصى
الإسم الشخصى ‫حداد، محمد حمزة إسماعيل‬،
الدور مؤلف.
245 12 - بيان العنوان
العنوان ‫السلطان المنصور قلاوون‬ :
بقية العنوان تاريخ - أحوال مصر في عهده - منشآته المعمارية /
بيان المسئوليه,etc تأليف الدكتور محمد حمزة إسماعيل الحداد، كلية الآثار، جامعة القاهرة.
250 ## - بيان الطبعة
بيان الطبعة الطبعة الثانية.
264 #1 - النشر، التوزيع
مكان الناشر او الموزع القاهرة :
اسم الناشر او الموزع مكتبة مدبولي،
تاريخ النشر أو التوزيع 1998.
300 ## - الوصف المادى
التعداد 245 صفحة :
تفاصيل ماديه اخرى للوعاء صور ؛
أبعاد الوعاء 24 سم.
336 ## - نوع المحتوى
source rdacontent
Carrier Type Term نص
Content Type Code txt
337 ## - نوع الوسيط
Media Type Term بدون وسيط
source rdamedia
Media Type Code n
338 ## - نوع الحامل أو الناقل
Carrier Type Term مجلد
Carrier Type Code nc
source rdacarrier
490 0# - بيان السلسلة
عنوان السلسلة صفحات من تاريخ مصر ؛
رقم المجلد/ التعيين التسلسلي 22
504 ## - تبصرة ببليوجرافية
تبصرة ببليوجرافية,الخ يشتمل علي إرجاعات ببليوجرافية.
600 07 - المدخل الاضافى بالموضوع-اسم شخصى
الإسم الشخصى قلاوون،‏
العنوان والكلمات الأخرى المصاحبة للاسم سلطان مصر وسوريا‏،
التواريخ المصاحبة للاسم -1290.
مصدر الرأس أو المصطلح BUEsh
650 #7 - المدخل الاضافى بالموضوع-مصطلح موضوعى
مصطلح موضوعي أو اسم جغرافي كعنصر مدخل المماليك
التقسيم الفرعي العام تاريخ.
مصدر الرأس أو المصطلح BUEsh
9 (RLIN) 26894
651 #7 - المدخل الاضافى بالموضوع - اسم جغرافى
الاسم الجغرافي مصر
التقسيم الفرعي العام تاريخ
التقسيم الفرعي الزمني العصر المملوكي، 1250-1517.
مصدر الرأس أو المصطلح BUEsh
9 (RLIN) 28007
653 ## - مصطلح تكشيفى غير مقيد
Resource For college Generalities
-- BAEPS, Political Science
Arrived date list July2017
655 ## - مصطلح تكشيفى-نوع/شكل
التقسيم الفرعي الشكلي Reading book
942 ## - عناصر المدخل الإضافي( كوها)
مصدر التصنيف او مخطط الترفيف Dewey Decimal Classification
Holdings
حالة التراجع حالة الفقد مصدر التصنيف او خطة الترفيف حالة تلف ليس للاعارة مجموعات كوها المكان الدائم المكان الحالي موقع الترفيف تاريخ الاكتساب Source of acquisition تعداد مسلسل / التسلسل الزمني رقم الاستدعاء الباركود Date last seen نوع الوعاء
    Dewey Decimal Classification     Madboly Central Library Central Library Second Floor 31/07/2017 Purchase 04183 962.024 ح د ا 000034303 15/07/2025 Book - Borrowing